| 000 | 00538nam a2200205Ia 4500 | ||
|---|---|---|---|
| 003 | GCL | ||
| 008 | 140319s9999 xx 000 0 eng d | ||
| 040 |
_aGCL / _cGCL |
||
| 082 | 0 | 4 |
_a910.202 _bJ R |
| 100 | 1 | _aJOBBINS, JENNY | |
| 245 | 1 | 0 |
_aThe Red Sea Coasts of Egypt Apractical Guide / _cJOBBINS, JENNY |
| 260 |
_a[S.N] : _bTHE AMERICAN UNIVERSITY IN CAIRO PRESS ، _c1993 |
||
| 300 | _a138 | ||
| 650 | 0 | 4 | _aWORLD TRAVEL GUIDES |
| 650 | 0 | 4 | _aEGYPT |
| 650 | 0 | 4 | _aSINAI |
| 650 | 0 | 4 | _aCOASTS |
| 650 | 0 | 4 | _aRED SEA |
| 942 |
_2ddc _cBK |
||
| 999 |
_c13710 _d13710 |
||